[Event "HUN-chT4 1718"]
[Site "Hungary"]
[Date "2017.11.25"]
[Round "4.10"]
[White "Konyha, Laszlo"]
[Black "Gyemant, Levente"]
[Result "0-1"]
[WhiteElo "1424"]
[BlackElo "1552"]
[PlyCount "100"]
[EventDate "2017.10.28"]
[EventType "team-tourn"]
[EventRounds "9"]
[EventCountry "HUN"]
[SourceTitle "EXT 2020"]
[Source "ChessBase"]
[SourceDate "2019.10.17"]
[SourceVersion "1"]
[SourceVersionDate "2019.10.17"]
[SourceQuality "1"]

1. e4 e6 2. Nc3 d5 3. exd5 exd5 4. d4 Nf6 5. Be2 Bb4 6. Nf3 Ne4 7. Qd3 Bf5 8. 0-0 Bxc3 9. bxc3 0-0 10. Qb5 Nxc3 11. Qxb7 Nxe2+ 12. Kh1 Nd7 13. Bg5 Nf6 14. Rfe1 Re8 15. Qa6 Nc3 16. Rxe8+ Qxe8 17. Re1 Nce4 18. Bxf6 gxf6 19. Qe2 Qc6 20. Nh4 Bg6 21. f3 Nd6 22. Nxg6 hxg6 23. Qd3 Qc4 24. h4 Qxd3 25. cxd3 Nf5 26. Rc1 Rc8 27. Rc5 c6 28. Kh2 Nxh4 29. Kg3 Nf5+ 30. Kf2 Nxd4 31. g4 Re8 32. Rc1 Re2+ 33. Kg3 Rxa2 34. Re1 Ra3 35. Re3 f5 36. Kf4 fxg4 37. fxg4 Ne6+ 38. Ke5 d4 39. Rf3 c5 40. Kf6 c4 41. Ke7 Ng5 42. Rf4 Rxd3 43. Kf6 Nh7+ 44. Ke5 c3 45. Ke4 Rd2 46. Ke5 c2 47. Kd6 c1Q 48. Kd5 Re2 49. Rxd4 Nf6+ 50. Kd6 Re6# 0-1